| 000 | 00585nam a22001937a 4500 | ||
|---|---|---|---|
| 005 | 20170725162244.0 | ||
| 010 | _aENG-119385 | ||
| 020 |
_a9788184654790 _c550.00 |
||
| 035 | _aEN-102917 | ||
| 037 | _bDBAD/PUB | ||
| 082 | _a241.69109944 | ||
| 100 | _aReichardt,David | ||
| 245 |
_aRelease the river!/ _cby David Reichatrdt |
||
| 260 |
_aDelhi _bISPCK _c2016 |
||
| 270 |
_a1654,Madarsa Road,Kashmere Gate _bDelhi _e110006 |
||
| 300 |
_axvi,366p. : _c25cm(pbk) _bill (maps) |
||
| 500 | _aIncludes bibliographical references | ||
| 942 |
_2ddc _cEN _h241.69109944 _mREI |
||
| 999 |
_c142829 _d142829 |
||